| 000 | 01023nam a2200277 a 4500 | ||
|---|---|---|---|
| 001 | 71367 | ||
| 003 | BD-RjUL | ||
| 005 | 20211209082115.0 | ||
| 008 | 170502s1985 bg |||| |||| 000 0 ben d | ||
| 020 | _c: TK.1.50 | ||
| 035 | _a(BD-RjUL)71583 | ||
| 040 |
_aBD-RjUL _bben _cBD-RjUL _dBD-RjUL |
||
| 041 | _aben | ||
| 082 |
_223 _a307.772095492 _bCHB 1985 |
||
| 100 | 1 |
_aচাকমা, সুগত _9120538 |
|
| 245 | 1 | 0 |
_aবাংলাদেশের উপজাতি / _cসুগত চাকমা |
| 260 |
_aঢাকা : _bবাংলা একাডেমী, _c১৯৮৫ |
||
| 300 |
_a১০৩ পৃ. : _c১৯ সেমি. |
||
| 490 | _aভাষা-শহীদ গ্রন্থমালা | ||
| 490 |
_aবা/এ ; _v১৭২৭ |
||
| 650 |
_aউপজাতি _zবাংলাদেশ _9120539 |
||
| 650 |
_aTribes _zBangladesh _9120540 |
||
| 830 |
_aভাষা-শহীদ গ্রন্থমালা _9238410 |
||
| 830 |
_aবা/এ ; _v১৭২৭ _9238411 |
||
| 942 |
_2ddc _cBK |
||
| 999 |
_c71367 _d71367 |
||